|
|
|
|
| LEADER |
02302nam a2200565 a 4500 |
| 001 |
nkc20102086449 |
| 003 |
CZ PrNK |
| 005 |
20110118111445.0 |
| 007 |
ta |
| 008 |
100223s2010 xr a f m 000 0 cze |
| 015 |
|
|
|a cnb002086449
|
| 020 |
|
|
|a 978-80-214-4059-3
|q (brož.)
|
| 035 |
|
|
|a (OCoLC)681491261
|
| 040 |
|
|
|a BOA001
|b cze
|
| 041 |
0 |
|
|a cze
|b eng
|
| 072 |
|
7 |
|a 656.1/.5
|x Pozemní doprava
|2 Konspekt
|9 4
|
| 080 |
|
|
|a 656.1.05
|2 MRF
|
| 080 |
|
|
|a 656.021.2
|2 MRF
|
| 080 |
|
|
|a 004.94
|2 MRF
|
| 080 |
|
|
|a (043.5)
|2 MRF
|
| 080 |
|
|
|a (048.3)
|2 MRF
|
| 100 |
1 |
|
|a Holcner, Petr,
|d 1961-
|7 xx0116373
|4 dis
|
| 245 |
1 |
0 |
|a Nelineární vlastnosti dopravního proudu =
|b Nonlinear phenomena in traffic flow : teze habilitační práce /
|c Petr Holcner
|
| 246 |
3 |
1 |
|a Nonlinear phenomena in traffic flow
|
| 260 |
|
|
|a Brno :
|b VUTIUM,
|c 2010
|
| 300 |
|
|
|a 37 s. :
|b il. ;
|c 24 cm
|
| 490 |
1 |
|
|a Vědecké spisy Vysokého učení technického v Brně. Habilitační a inaugurační spisy,
|x 1213-418X ;
|v sv. 342
|
| 500 |
|
|
|a "Vědní obor: Teorie a konstrukce staveb"
|
| 502 |
|
|
|a Teze habilitační práce--Vysoké učení technické v Brně, Fakulta stavební, Ústav pozemních komunikací, 2010
|
| 504 |
|
|
|a Obsahuje bibliografii
|
| 546 |
|
|
|a Anglické resumé
|
| 650 |
0 |
7 |
|a silniční provoz
|7 ph125535
|2 czenas
|
| 650 |
0 |
7 |
|a intenzita dopravy
|7 ph446993
|2 czenas
|
| 650 |
0 |
7 |
|a modelování a simulace
|7 ph125543
|2 czenas
|
| 650 |
0 |
9 |
|a road traffic
|2 eczenas
|
| 650 |
0 |
9 |
|a traffic volume
|2 eczenas
|
| 650 |
0 |
9 |
|a modeling and simulation
|2 eczenas
|
| 655 |
|
7 |
|a habilitační práce
|7 fd185153
|2 czenas
|
| 655 |
|
7 |
|a teze
|7 fd133701
|2 czenas
|
| 655 |
|
9 |
|a habilitation theses
|2 eczenas
|
| 655 |
|
9 |
|a abstracts
|2 eczenas
|
| 710 |
2 |
|
|a Vysoké učení technické v Brně.
|b Ústav pozemních komunikací
|7 xx0040138
|
| 810 |
2 |
|
|a Vysoké učení technické v Brně.
|t Vědecké spisy.
|p Habilitační a inaugurační spisy
|0 s
|
| 910 |
2 |
|
|a BOA001
|b 2-1245.504
|
| 928 |
9 |
|
|a Vysoké učení technické v Brně
|
| 990 |
|
|
|a BK
|
| 995 |
|
|
|a 01
|
| 991 |
|
|
|b 201008
|c NOV
|e n
|
| 996 |
6 |
|
|b 2610442075
|c 2-1245.504
|l MZK
|r Sklad / do 1 hodiny
|n 0
|p p.v.
|w 001131877
|u 000010
|a 1
|e BOA001
|j MZK50
|s P
|
| 996 |
7 |
|
|b 2610442076
|c 2-1245.504
|l MZK
|r Sklad / do 1 hodiny
|n 1
|p p.v.
|w 001131877
|u 000020
|a 1
|e BOA001
|j MZK50
|s A
|